OCCUPATIONAL THERAPY (Record no. 1536)

MARC details
000 -LEADER
fixed length control field 00348nam a2200145Ia 4500
008 - FIXED-LENGTH DATA ELEMENTS--GENERAL INFORMATION
fixed length control field 150201s1991 xx 000 0 und d
082 ## - DEWEY DECIMAL CLASSIFICATION NUMBER
Classification number 615.85152
Item number O91C
100 ## - MAIN ENTRY--PERSONAL NAME
Personal name CHRISTIANSEN , CHARLES
245 ## - TITLE STATEMENT
Title OCCUPATIONAL THERAPY
250 ## - EDITION STATEMENT
Edition statement 1ST
260 ## - PUBLICATION, DISTRIBUTION, ETC. (IMPRINT)
Name of publisher, distributor, etc. SLACK
Place of publication, distribution, etc. NEW YORK
Date of publication, distribution, etc. 1991
300 ## - PHYSICAL DESCRIPTION
Extent 1-885
650 ## - SUBJECT ADDED ENTRY--TOPICAL TERM
Topical term or geographic name as entry element PHYSIOTHERAPY
942 ## - ADDED ENTRY ELEMENTS (KOHA)
Source of classification or shelving scheme Dewey Decimal Classification
Koha item type Books
Holdings
Withdrawn status Lost status Source of classification or shelving scheme Damaged status Not for loan Collection code Home library Current library Shelving location Date acquired Source of acquisition Cost, normal purchase price SGTU Total Checkouts Full call number Barcode Date last seen Bill Date Koha item type
    Dewey Decimal Classification   Not For Loan MEDICAL SGT Medical Library SGT Medical Library Reference Book 21/03/2013 UBS DELHI 1750.00 SGTU   615.85152 O91C FM5452 09/02/2015 02/05/2013 Books